000 00506nam a22001697a 4500
005 20251108171736.0
008 250721s1984 xx 000 0 ara d
082 1 4 _aم/928.11/روم
100 1 _aالعقاد، عباس محمود
245 1 0 _aإبن الرومي :
_bحياته من شعره /
264 1 _aبيروت :
_bالمكتبة العصرية،
_c1984.
300 _a344ص
650 1 7 _aالشعر العباسي
650 1 7 _aتاريخ ونقد
942 _2ddc
_cREF
999 _c61359
_d61359